000 00910nam a2200265Ia 4500
001 Z_6296
008 220601s9999 xx 000 0 und d
020 _a968-884-427-6
082 _a338.16 A46
100 _aAlmanza Sánchez, María
_94485
245 _aLa electrónica en la agricultura: agrónica / María Almanza Sánchez y Pablo García Muñoz
260 _aMéxico : UACh: Departamento de Sociología Rural
300 _a97 p.
503 _aej.1: s/n
650 _a1. Agricultura - Innovaciones tecnológicas
650 _aAadopción de innovaciones
650 _aProcesamiento automático de datos en agricultura
_991751
700 _aGarcía Muñoz, Pablo, coaut.
_9144402
710 _aUACh: Departamento de Sociología RuralÌ
_9183479
901 _a338.16 A46
902 _aM
905 _a5232271997 mx 8211113311spa16
942 _c1
999 _c217101
_d217101